000 00796nam a2200253Ia 4500
003 OSt
005 20221005085434.0
006 a|||||r|||| 00| 0
007 ta
008 221004b |||||||| |||| 00| 0 eng d
020 _a9780374100728 (hbk)
_c1041.21
024 _a102645
037 _b5701, 30/03/2010, Efficient Book Distributors
_cTextual
040 _aCRL
_cCRL
_beng
041 _2eng
_aeng
082 _aO111,6N33x, P7
100 _aSontag Susan
_929538
245 0 _aAt the same time
_b Essays and speeches
260 _aNew York
_bFarrar Straus Giroux USA
_c2007
300 _axvii,235p.
_ccm.
650 _aENGLISH LITERATURE
942 _hO111,6N33x, P7
_cTEXL
_2cc
999 _c994228
_d994228